[Event "Rated Blitz game"]
[Site "?"]
[Date "2021.05.23"]
[Round "?"]
[White "Sanek1206"]
[Black "annaly1979"]
[Result "1-0"]
[WhiteElo "2406"]
[BlackElo "2407"]
[PlyCount "83"]
[EventDate "2021.??.??"]
[EventType "blitz"]

1. e4 e5 2. Nf3 d5 3. Nc3 dxe4 4. Nxe4 f5 5. Nc3 e4 6. Ng1 Bc5 7. d3 Nc6 8.
dxe4 Qxd1+ 9. Kxd1 Nf6 10. f3 fxe4 11. Nxe4 Nxe4 12. fxe4 Bg4+ 13. Nf3 O-O-O+
14. Bd3 Ne5 15. Ke2 Rhf8 16. Rf1 h6 17. Be3 Bd6 18. h3 Bh5 19. g4 Bg6 20. Nxe5
Bxe5 21. Rxf8 Rxf8 22. c3 a6 23. Bd4 Re8 24. Ke3 Kd7 25. Rd1 Re7 26. Bc2 Kc6
27. Ba4+ b5 28. Bc2 Bd6 29. Rf1 Kd7 30. b4 a5 31. a3 a4 32. Bd3 c6 33. Rf3 h5
34. g5 h4 35. Rf8 Rxe4+ 36. Bxe4 Bxe4 37. Rf7+ Ke6 38. Rxg7 Bg2 39. Rh7 Bg3 40.
g6 Bxh3 41. g7 Kf7 42. Rh8 {Normal} 1-0

[Event "Rated Blitz game"]
[Site "?"]
[Date "2021.05.23"]
[Round "?"]
[White "JuliensGame"]
[Black "TheMonsterNotTheNM"]
[Result "1-0"]
[WhiteElo "2523"]
[BlackElo "2421"]
[PlyCount "65"]
[EventDate "2021.??.??"]
[EventType "blitz"]

1. e4 e5 2. Nf3 d5 3. exd5 e4 4. Nd4 Nf6 5. Nc3 Be7 6. Bc4 O-O 7. Nde2 Nbd7 8.
d3 Nb6 9. Bb3 Bf5 10. dxe4 Nxe4 11. O-O a5 12. Nxe4 Bxe4 13. Nc3 Bg6 14. a4 Bf6
15. Qf3 Nd7 16. Bf4 Ne5 17. Qg3 Re8 18. Rfe1 Qd6 19. Nb5 Qe7 20. Re3 h5 21.
Rae1 h4 22. Qh3 c6 23. dxc6 bxc6 24. Bxe5 Bxe5 25. Nd4 Qc5 26. Nf3 Bxh2+ 27.
Qxh2 Rxe3 28. Rxe3 Bxc2 29. Rc3 Qb4 30. Bxc2 Qxb2 31. Qe5 h3 32. gxh3 Qc1+ 33.
Kg2 {Normal} 1-0

[Event "Rated Blitz game"]
[Site "?"]
[Date "2021.05.22"]
[Round "?"]
[White "GolosaMucca"]
[Black "PrawnsGambit"]
[Result "0-1"]
[WhiteElo "2221"]
[BlackElo "2423"]
[PlyCount "68"]
[EventDate "2021.??.??"]
[EventType "blitz"]

1. e4 e5 2. Nf3 d5 3. Nxe5 Bd6 4. d4 dxe4 5. Nc4 Nf6 6. Nc3 Nc6 7. Bg5 Bf5 8.
Qd2 O-O 9. Be2 Bb4 10. a3 Be7 11. d5 Nb8 12. O-O Nbd7 13. Rfe1 Bg6 14. Rad1 Nb6
15. Ne3 Nfxd5 16. Bxe7 Nxe7 17. Qc1 Qe8 18. Nb5 Qc8 19. c4 a6 20. Nc3 c6 21. c5
Nbd5 22. Nc4 Qe6 23. Nd6 b6 24. b4 bxc5 25. bxc5 f5 26. Bc4 Kh8 27. Qd2 f4 28.
Nxd5 cxd5 29. Bxd5 Nxd5 30. Qxd5 Qg4 31. Nxe4 f3 32. Ng3 fxg2 33. Qxg2 Rae8 34.
Rxe8 Qxd1+ {Normal} 0-1

[Event "Rated Blitz game"]
[Site "?"]
[Date "2021.05.22"]
[Round "?"]
[White "mrios"]
[Black "KinzyabulatovRenat"]
[Result "1-0"]
[WhiteElo "2439"]
[BlackElo "2371"]
[PlyCount "99"]
[EventDate "2021.??.??"]
[EventType "blitz"]

1. e4 e5 2. Nf3 d5 3. Nxe5 Bd6 4. d4 dxe4 5. Nc4 Nf6 6. Nxd6+ Qxd6 7. Nc3 O-O
8. Bg5 Nc6 9. d5 Nb4 10. Bxf6 Qxf6 11. a3 Na6 12. Bxa6 bxa6 13. O-O Qe5 14. Re1
f5 15. Qd2 Rb8 16. b4 Re8 17. Rad1 Bd7 18. Qd4 Qxd4 19. Rxd4 a5 20. f3 axb4 21.
axb4 exf3 22. Rxe8+ Bxe8 23. gxf3 Kf7 24. Rc4 Rb7 25. Kf2 Ke7 26. Ke3 g5 27.
Kd4 Kd6 28. Nd1 Rb5 29. Ne3 Bd7 30. Rc5 Rxb4+ 31. Nc4+ Ke7 32. c3 Rb7 33. Ke5
Rb5 34. Rxc7 a5 35. Ra7 a4 36. Ne3 Rc5 37. Nxf5+ Kd8 38. Kd6 Rxc3 39. Rxd7+ Ke8
40. Ng7+ Kf8 41. Ne6+ Kg8 42. Nxg5 a3 43. Ra7 h6 44. Ne4 Rxf3 45. Ke6 h5 46. d6
Rd3 47. Nf6+ Kf8 48. Nd5 h4 49. Ra8+ Kg7 50. d7 {Normal} 1-0

[Event "Rated Blitz game"]
[Site "?"]
[Date "2021.05.22"]
[Round "?"]
[White "jesselroy99"]
[Black "KinzyabulatovRenat"]
[Result "1-0"]
[WhiteElo "2442"]
[BlackElo "2368"]
[PlyCount "39"]
[EventDate "2021.??.??"]
[EventType "blitz"]

1. e4 e5 2. Nf3 d5 3. exd5 e4 4. Ne5 Qxd5 5. d4 exd3 6. Nxd3 Nc6 7. Nc3 Qa5 8.
Be2 Bf5 9. O-O O-O-O 10. Be3 Nf6 11. a3 Nd4 12. b4 Qb6 13. Na4 Qc6 14. Nac5 b6
15. Bxd4 Rxd4 16. Ne5 Rxd1 17. Ba6+ Kd8 18. Nxc6+ Ke8 19. Raxd1 bxc5 20. Rd8# {
Normal} 1-0

[Event "Rated Blitz tournament eh3k6WQ5"]
[Site "?"]
[Date "2021.05.22"]
[Round "?"]
[White "The_Kn1ght_A_8"]
[Black "annaly1979"]
[Result "0-1"]
[WhiteElo "2230"]
[BlackElo "2419"]
[PlyCount "42"]
[EventDate "2021.??.??"]
[EventType "blitz"]

1. e4 e5 2. Nf3 d5 3. exd5 e4 4. Nd4 c5 5. Nb3 f5 6. Bc4 Nf6 7. O-O Bd6 8. d3
O-O 9. Bg5 Nbd7 10. dxe4 fxe4 11. N1d2 Qe8 12. Re1 Qg6 13. Bxf6 Nxf6 14. Nf1
Bg4 15. Qd2 Rae8 16. Be2 a6 17. Bxg4 Nxg4 18. Ng3 Rxf2 19. Re2 e3 20. Qe1 Bxg3
21. hxg3 Qh5 {Normal} 0-1

[Event "Rated Blitz game"]
[Site "?"]
[Date "2021.05.22"]
[Round "?"]
[White "ricky8988"]
[Black "RiskyBlitzer"]
[Result "0-1"]
[WhiteElo "2286"]
[BlackElo "2431"]
[PlyCount "62"]
[EventDate "2021.??.??"]
[EventType "blitz"]

1. e4 e5 2. Nf3 d5 3. exd5 Bd6 4. Bc4 e4 5. Nd4 Qe7 6. O-O Nf6 7. c3 O-O 8. d3
Qe5 9. f4 exf3 10. Nxf3 Qh5 11. h3 Nbd7 12. Nbd2 Nb6 13. Bb3 Nbxd5 14. Ne4 Nxe4
15. dxe4 Nf4 16. e5 Bc5+ 17. Kh2 Nxh3 18. Nd4 Qxe5+ 19. g3 Bd6 20. Qf3 Ng5 21.
Bxg5 Qxg5 22. Bxf7+ Kh8 23. Kg2 Bg4 24. Qxb7 Rab8 25. Qe4 Rxb2+ 26. Kg1 Bh3 27.
Rf3 Rg2+ 28. Kh1 Rxg3 29. Rf2 Re3 30. Qc6 Qh4 31. Nf3 Qxf2 {Normal} 0-1

[Event "Rated Blitz game"]
[Site "?"]
[Date "2021.05.22"]
[Round "?"]
[White "gresaljesaldo42"]
[Black "blastol"]
[Result "1-0"]
[WhiteElo "2292"]
[BlackElo "2420"]
[PlyCount "49"]
[EventDate "2021.??.??"]
[EventType "blitz"]

1. e4 e5 2. Nf3 d5 3. exd5 Bd6 4. d4 e4 5. Qe2 Nf6 6. c4 O-O 7. Ne5 Re8 8. Bf4
Nbd7 9. Nc3 Bxe5 10. dxe5 Rxe5 11. Bxe5 Nxe5 12. O-O-O Bg4 13. f3 Bh5 14. Nxe4
Nxe4 15. Qxe4 Qg5+ 16. f4 Qg4 17. Re1 Ng6 18. g3 Qd7 19. h3 f5 20. Qe3 Qa4 21.
Kb1 Nf8 22. Bd3 Bf7 23. Qe7 c6 24. Qxb7 Rd8 25. Re7 {Normal} 1-0

[Event "Rated Blitz tournament kJwk8aAj"]
[Site "?"]
[Date "2021.05.22"]
[Round "?"]
[White "onyongBKD"]
[Black "om_gendut"]
[Result "1/2-1/2"]
[WhiteElo "2374"]
[BlackElo "2405"]
[PlyCount "21"]
[EventDate "2021.??.??"]
[EventType "blitz"]

1. e4 e5 2. Nf3 d5 3. d3 dxe4 4. dxe4 Qxd1+ 5. Kxd1 Bg4 6. Be3 Nc6 7. Nbd2
O-O-O 8. c3 Nf6 9. Kc2 Bh5 10. h3 Bg6 11. Bd3 {Normal} 1/2-1/2

[Event "Rated Blitz game"]
[Site "?"]
[Date "2021.05.22"]
[Round "?"]
[White "rafael199"]
[Black "blastol"]
[Result "1-0"]
[WhiteElo "2363"]
[BlackElo "2432"]
[PlyCount "102"]
[EventDate "2021.??.??"]
[EventType "blitz"]

1. e4 e5 2. Nf3 d5 3. exd5 Bd6 4. c4 e4 5. Nd4 Nf6 6. Nc3 O-O 7. Be2 Qe7 8. a3
a6 9. b3 Re8 10. Bb2 Qe5 11. Nc2 Qg5 12. g3 Bh3 13. Ne3 Nbd7 14. d4 exd3 15.
Qxd3 Bc5 16. Ncd1 Ne5 17. Qd2 Bg2 18. Rg1 Nf3+ 19. Bxf3 Bxf3 20. Bd4 Bxd4 21.
Qxd4 Re4 22. Qd3 Rae8 23. Kd2 Ng4 24. h4 Qh6 25. Kc2 Nxf2 26. Nxf2 Rxe3 27. Qd4
Re2+ 28. Kc3 R8e3+ 29. Nd3 Rd2 30. Kxd2 Re4+ 31. Kc3 Rxd4 32. Kxd4 Qf6+ 33. Ke3
Bg4 34. Kd2 Qh6+ 35. Kc2 f6 36. Rae1 Bf5 37. Kc3 Bxd3 38. Kxd3 Qg6+ 39. Kc3 Qg4
40. Re3 Qf5 41. Rge1 h6 42. Re8+ Kh7 43. R1e3 Qb1 44. R8e7 Qa1+ 45. Kb4 a5+ 46.
Ka4 Qd4 47. R3e4 Qb6 48. b4 axb4 49. axb4 Qa6+ 50. Kb3 c6 51. d6 Qa2+ {Normal}
1-0

[Event "Rated Blitz game"]
[Site "?"]
[Date "2021.05.22"]
[Round "?"]
[White "Starazagora"]
[Black "KinzyabulatovRenat"]
[Result "0-1"]
[WhiteElo "2445"]
[BlackElo "2363"]
[PlyCount "58"]
[EventDate "2021.??.??"]
[EventType "blitz"]

1. e4 e5 2. Nf3 d5 3. exd5 e4 4. Nd4 Qxd5 5. Nb3 Nc6 6. Nc3 Qe5 7. Bb5 Bd7 8.
O-O Bd6 9. g3 O-O-O 10. Re1 Nf6 11. d3 a6 12. Bc4 Bg4 13. Qd2 Qh5 14. Qg5 Qh3
15. Qh4 Qxh4 16. gxh4 Ne5 17. Nd2 b5 18. Bb3 exd3 19. cxd3 Nxd3 20. Re3 Nxc1
21. Rxc1 Bxh2+ 22. Kxh2 Rxd2 23. Kg3 Bh5 24. Re5 Rhd8 25. Ne4 R8d3+ 26. Kg2
Bf3+ 27. Kf1 Bxe4 28. Bc2 Rxc2 29. Rxc2 Rd1+ {Normal} 0-1

[Event "Rated Blitz game"]
[Site "?"]
[Date "2021.05.22"]
[Round "?"]
[White "prebiotik"]
[Black "om_gendut"]
[Result "1/2-1/2"]
[WhiteElo "2264"]
[BlackElo "2404"]
[PlyCount "146"]
[EventDate "2021.??.??"]
[EventType "blitz"]

1. e4 e5 2. Nf3 d5 3. exd5 e4 4. Qe2 Be7 5. Nc3 exf3 6. Qxf3 Nf6 7. Bc4 Nbd7 8.
Bb3 Nb6 9. h3 a5 10. a3 O-O 11. O-O a4 12. Ba2 Qd7 13. d3 Qf5 14. Bf4 Bd6 15.
Bxd6 Qxf3 16. gxf3 cxd6 17. Kg2 Bd7 18. Rfe1 Rfe8 19. Re3 Kf8 20. Rae1 Rac8 21.
Rxe8+ Bxe8 22. Re3 Rc5 23. d4 Rc7 24. h4 Re7 25. Kf1 Bd7 26. Ke2 h6 27. Kd2 g5
28. hxg5 hxg5 29. Ne4 Nfxd5 30. Bxd5 Nxd5 31. Re1 f6 32. Nxd6 Rxe1 33. Kxe1 Ke7
34. Nxb7 Nf4 35. Kd2 Bc6 36. Nc5 Bxf3 37. Nxa4 f5 38. c4 Bc6 39. Nc3 g4 40. b4
Ng6 41. d5 Bb7 42. Ne2 f4 43. a4 Kd6 44. Kc3 g3 45. fxg3 f3 46. g4 fxe2 47. Kd2
Ne5 48. Kxe2 Nxg4 49. Kd3 Ne5+ 50. Kd4 Nf3+ 51. Kc3 Ke5 52. a5 Nd4 53. b5 Nxb5+
54. cxb5 Kxd5 55. Kb4 Ba8 56. a6 Kd6 57. b6 Kc6 58. Ka5 Bb7 59. axb7 Kxb7 60.
Kb5 Kb8 61. Kc5 Kc8 62. Kd6 Kb7 63. Kc5 Kb8 64. Kd4 Kb7 65. Kc5 Kb8 66. Kb4 Kc8
67. Kb5 Kb7 68. Ka5 Kb8 69. Ka6 Kc8 70. Kb5 Kb8 71. Ka4 Kc8 72. Ka5 Kb7 73. Kb5
Kb8 {Normal} 1/2-1/2

[Event "Rated Blitz game"]
[Site "?"]
[Date "2021.05.22"]
[Round "?"]
[White "herozero8"]
[Black "GoughPhar"]
[Result "0-1"]
[WhiteElo "2392"]
[BlackElo "2401"]
[PlyCount "132"]
[EventDate "2021.??.??"]
[EventType "blitz"]

1. e4 e5 2. Nf3 d5 3. exd5 e4 4. Qe2 Nf6 5. Nc3 Be7 6. Ng1 O-O 7. Qc4 c6 8.
dxc6 Nxc6 9. d3 Be6 10. Qa4 Bd7 11. dxe4 Nb4 12. Qb3 Be6 13. Qa4 b5 14. Bxb5 a6
15. Be2 Bd7 16. Qb3 Rb8 17. Kf1 Bg4 18. Nf3 Qd7 19. Bf4 Rb7 20. Rd1 Qc6 21. e5
Nbd5 22. Qc4 Qxc4 23. Bxc4 Nxf4 24. exf6 Bxf6 25. Bb3 Bxf3 26. gxf3 Bxc3 27.
bxc3 Re8 28. Rg1 g6 29. Rg4 Nh5 30. Re4 Rc8 31. c4 Nf6 32. Red4 Kg7 33. Rd8
Rcc7 34. R8d6 a5 35. Ra6 Rc5 36. a4 h5 37. Rad6 Rf5 38. c5 Rxc5 39. Ra6 Rf5 40.
Ke2 h4 41. Rd4 Re7+ 42. Re4 Nxe4 43. fxe4 Rxe4+ 44. Kf1 Ref4 45. Ra7 Rxf2+ 46.
Ke1 Rf1+ 47. Kd2 R1f2+ 48. Kc3 Rxh2 49. Be6 Rf3+ 50. Kb2 Rff2 51. Bb3 h3 52.
Rxa5 Rhg2 53. Bd5 h2 54. Bxg2 Rxg2 55. Rg5 Rxg5 56. a5 Rxa5 57. Kb3 Ra6 58. Kb4
Rc6 59. Kb5 Rxc2 60. Kb4 Rf2 61. Kb3 Rf4 62. Kc3 Rf5 63. Kd3 h1=Q 64. Ke3 Qd5
65. Ke2 Qe6+ 66. Kd2 Rd5+ {Time forfeit} 0-1

[Event "Rated Blitz tournament Y2SHCpmO"]
[Site "?"]
[Date "2021.05.22"]
[Round "?"]
[White "Flowryano_777"]
[Black "batasjon"]
[Result "0-1"]
[WhiteElo "2410"]
[BlackElo "2379"]
[PlyCount "33"]
[EventDate "2021.??.??"]
[EventType "blitz"]

1. e4 e5 2. Nf3 d5 3. exd5 e4 4. Qe2 Nf6 5. Nc3 Be7 6. Nxe4 O-O 7. d3 Re8 8.
Be3 Nxd5 9. Qd2 f5 10. Nc3 f4 11. Bd4 Bb4+ 12. Be2 c5 13. a3 cxd4 14. axb4 dxc3
15. bxc3 Qe7 16. c4 Nc3 17. Qc1 {Normal} 0-1

[Event "Rated Blitz game"]
[Site "?"]
[Date "2021.05.22"]
[Round "?"]
[White "renanreis"]
[Black "ibrahim_karpove2711"]
[Result "1-0"]
[WhiteElo "2404"]
[BlackElo "2279"]
[PlyCount "95"]
[EventDate "2021.??.??"]
[EventType "blitz"]

1. e4 e5 2. Nf3 d5 3. exd5 e4 4. Qe2 f5 5. d3 Nf6 6. Bg5 Bb4+ 7. c3 O-O 8. Nd4
exd3 9. Qxd3 Bc5 10. Ne6 Bxe6 11. dxe6 Bxf2+ 12. Kxf2 Ng4+ 13. Kg1 Qxg5 14. Nd2
Rd8 15. Nf3 Qf6 16. Qc4 Kh8 17. Re1 Nc6 18. h3 Nge5 19. Nxe5 Nxe5 20. Qb5 Nc6
21. Qxb7 Ne7 22. Qxc7 Rac8 23. Qe5 Qf8 24. Ba6 Rd5 25. Qe3 Rcd8 26. Kh2 f4 27.
Qe4 h6 28. Rhf1 Rf5 29. Bd3 g6 30. Bc2 Kh7 31. Rd1 Rb8 32. b4 Rc8 33. Rd7 Rxc3
34. Qb7 Kg8 35. Rxe7 f3 36. Bxf5 fxg2 37. Kxg2 gxf5 38. Rg1 Qg7+ 39. Kh1 Qxg1+
40. Kxg1 Rc1+ 41. Kf2 Rc2+ 42. Kf3 Rc3+ 43. Kf4 Rc4+ 44. Kxf5 Rc5+ 45. Kf6 Rf5+
46. Kxf5 Kf8 47. Rf7+ Ke8 48. Qc8# {Normal} 1-0

[Event "Rated Blitz game"]
[Site "?"]
[Date "2021.05.22"]
[Round "?"]
[White "EddieBrock-aka_Venom"]
[Black "J0NDro76"]
[Result "0-1"]
[WhiteElo "2361"]
[BlackElo "2413"]
[PlyCount "90"]
[EventDate "2021.??.??"]
[EventType "blitz"]

1. e4 e5 2. Nf3 d5 3. exd5 e4 4. Ng1 Qxd5 5. Nc3 Qe5 6. Qe2 Nf6 7. d3 Bb4 8.
Bd2 Nc6 9. Nxe4 O-O 10. c3 Ba5 11. Nf3 Qb5 12. Rb1 Bg4 13. h3 Bh5 14. g4 Bg6
15. Bg2 Rad8 16. c4 Qa4 17. Bxa5 Qxa5+ 18. b4 Nxb4 19. O-O Nxd3 20. Nxf6+ gxf6
21. Rb5 Qa4 22. Nh4 Qxc4 23. Rxb7 Rfe8 24. Qf3 Kg7 25. Qg3 c5 26. g5 Nf4 27.
gxf6+ Kxf6 28. Nxg6 Ne2+ 29. Kh2 Nxg3 30. fxg3+ Kxg6 31. Rf4 Qxa2 32. Rg4+ Kf6
33. Rf4+ Kg6 34. Rg4+ Kh6 35. Rh4+ Kg7 36. Rg4+ Kh8 37. Rxa7 Qxa7 38. h4 Qa2
39. Kh3 Rd2 40. Rf4 Rxg2 41. Rf5 Rh2+ 42. Kg4 Qe2+ 43. Kg5 Rg8+ 44. Kh6 Qg4 45.
Rg5 Qxg5# {Normal} 0-1

[Event "Rated Blitz game"]
[Site "?"]
[Date "2021.05.22"]
[Round "?"]
[White "stalyansky"]
[Black "AlaEldin"]
[Result "1-0"]
[WhiteElo "2413"]
[BlackElo "2316"]
[PlyCount "65"]
[EventDate "2021.??.??"]
[EventType "blitz"]

1. e4 e5 2. Nf3 d5 3. Nxe5 Bd6 4. d4 dxe4 5. Bc4 Bxe5 6. dxe5 Qxd1+ 7. Kxd1 Nc6
8. Re1 Nge7 9. Rxe4 Bf5 10. Re1 O-O-O+ 11. Bd2 Ng6 12. Bxf7 Ngxe5 13. Bb3 Ng4
14. f3 Nf6 15. Nc3 Nd4 16. Ne4 Nxe4 17. fxe4 Bg4+ 18. Kc1 Nxb3+ 19. axb3 a6 20.
e5 Rhe8 21. Ra4 Bh5 22. e6 h6 23. g4 Bg6 24. h4 c5 25. h5 Bh7 26. Rf4 Bg8 27.
e7 Rxd2 28. Kxd2 Bd5 29. Rf8 Kd7 30. Rxe8 Kxe8 31. Re3 b5 32. Ke2 Kf7 33. e8=Q+
{Normal} 1-0

[Event "Rated Blitz tournament eh3k6WQ5"]
[Site "?"]
[Date "2021.05.22"]
[Round "?"]
[White "serdar03_1"]
[Black "Akmamedov_Mergen"]
[Result "1-0"]
[WhiteElo "2431"]
[BlackElo "2207"]
[PlyCount "65"]
[EventDate "2021.??.??"]
[EventType "blitz"]

1. e4 e5 2. Nf3 d5 3. Nxe5 Bd6 4. d4 dxe4 5. Nc3 Nf6 6. Bg5 O-O 7. Nxe4 Be7 8.
Nc3 Nc6 9. Nxc6 bxc6 10. Be2 h6 11. Bf4 Nd5 12. Bg3 Bf5 13. O-O Bf6 14. Bd3 Be6
15. Ne2 Qd7 16. c3 Rae8 17. Qd2 Bg4 18. Rae1 Bg5 19. f4 Bf6 20. Bb1 Ne3 21. Rf2
Nc4 22. Qd3 g6 23. Qxc4 Re3 24. Rff1 Rfe8 25. Nc1 Rxe1 26. Rxe1 Rxe1+ 27. Bxe1
Qe7 28. Bf2 Kg7 29. h3 Bd1 30. Qf1 Ba4 31. Qe2 Bb5 32. Qxe7 Bxe7 33. Bd3 {
Normal} 1-0

[Event "Rated Blitz game"]
[Site "?"]
[Date "2021.05.22"]
[Round "?"]
[White "Kojnak7"]
[Black "liaqat321"]
[Result "0-1"]
[WhiteElo "2435"]
[BlackElo "2352"]
[PlyCount "54"]
[EventDate "2021.??.??"]
[EventType "blitz"]

1. e4 e5 2. Nf3 d5 3. d4 dxe4 4. Nxe5 Bd6 5. Bf4 Nf6 6. Bc4 O-O 7. Nc3 Bf5 8.
h3 Nc6 9. g4 Bg6 10. Qd2 Na5 11. Be2 c5 12. Rd1 cxd4 13. Qxd4 Be7 14. h4 h6 15.
g5 Nh5 16. Bxh5 Bxh5 17. gxh6 Bxd1 18. Qxd8 Rfxd8 19. Nxd1 Bf6 20. hxg7 Kxg7
21. Rg1+ Kh7 22. Ng4 Bg7 23. b3 Nc6 24. h5 Nd4 25. Rg3 Nxc2+ 26. Ke2 Nd4+ 27.
Kf1 Nf5 {Normal} 0-1

[Event "Rated Blitz game"]
[Site "?"]
[Date "2021.05.22"]
[Round "?"]
[White "JackTheRipperSlash"]
[Black "JH0NiKX76"]
[Result "1/2-1/2"]
[WhiteElo "2339"]
[BlackElo "2411"]
[PlyCount "100"]
[EventDate "2021.??.??"]
[EventType "blitz"]

1. e4 e5 2. Nf3 d5 3. d4 dxe4 4. Nxe5 Bd6 5. Bc4 Bxe5 6. Qh5 Qe7 7. Qxe5 Qxe5
8. dxe5 Nc6 9. Bd5 Nxe5 10. Bxe4 Nf6 11. Nc3 Nxe4 12. Nxe4 Bf5 13. Bf4 Ng6 14.
Ng3 Bxc2 15. Bxc7 O-O 16. O-O Rac8 17. Ba5 Ba4 18. Rac1 Bc6 19. Nf5 Rfe8 20.
Rfe1 Rxe1+ 21. Rxe1 Re8 22. Rxe8+ Bxe8 23. Bc3 f6 24. Bb4 Bc6 25. Ne7+ Nxe7 26.
Bxe7 Kf7 27. Bc5 Ke6 28. Bxa7 Kd5 29. f3 f5 30. Kf2 Kc4 31. Ke2 g5 32. Bb8 g4
33. Be5 Bd5 34. a3 b5 35. Bc3 gxf3+ 36. gxf3 Kb3 37. Ke3 Kc2 38. Kf4 Kd3 39.
Kxf5 Bxf3 40. h4 Be4+ 41. Kg5 Bg6 42. h5 Be4 43. Kf6 Kc4 44. Kg7 Bf3 45. h6 Be4
46. Kf6 Bd3 47. Ke5 Bc2 48. Kf6 Bd3 49. Ke5 Bc2 50. Kf6 Bd3 {Normal} 1/2-1/2

[Event "Rated Blitz tournament O4Rbz9Tc"]
[Site "?"]
[Date "2021.05.22"]
[Round "?"]
[White "brunoo2003"]
[Black "Trompetillas"]
[Result "1/2-1/2"]
[WhiteElo "2467"]
[BlackElo "2228"]
[PlyCount "149"]
[EventDate "2021.??.??"]
[EventType "blitz"]

1. e4 e5 2. Nf3 d5 3. exd5 e4 4. Ne5 Qxd5 5. d4 exd3 6. Nxd3 Nf6 7. Nc3 Qd8 8.
Bf4 Bd6 9. Qe2+ Be6 10. O-O-O O-O 11. f3 c6 12. Kb1 Re8 13. Qf2 Bxf4 14. Nxf4
Qa5 15. Nxe6 Rxe6 16. Bc4 Re8 17. g4 Na6 18. h4 Qc5 19. Qf1 Rad8 20. Rxd8 Rxd8
21. g5 Nd5 22. Nxd5 cxd5 23. Bxa6 bxa6 24. Qxa6 Rc8 25. Qd3 d4 26. a3 Re8 27.
Rd1 Rd8 28. f4 g6 29. h5 gxh5 30. Rh1 Qf8 31. Rxh5 Qg7 32. f5 f6 33. gxf6 Qxf6
34. Qg3+ Kh8 35. Qh4 Qxh4 36. Rxh4 d3 37. cxd3 Rxd3 38. Rf4 Kg7 39. f6+ Kf7 40.
Rh4 Kg6 41. Rf4 Rd7 42. Kc2 Rf7 43. Ra4 h5 44. Kd3 h4 45. Rxh4 Rxf6 46. Ra4 Rb6
47. b4 a6 48. Kc4 Kf6 49. Ra5 Ke6 50. Rd5 Rb8 51. Rc5 Kd6 52. Rh5 Rc8+ 53. Kb3
Ra8 54. Ka4 Kc6 55. Ka5 Rg8 56. Rh6+ Kb7 57. Rh7+ Kb8 58. Kxa6 Rg6+ 59. Ka5
Rg5+ 60. b5 Rg6 61. a4 Rf6 62. b6 Rf8 63. Ka6 Re8 64. a5 Rf8 65. Rb7+ Ka8 66.
Ra7+ Kb8 67. Rc7 Re8 68. Rc5 Re7 69. Kb5 Re1 70. a6 Rb1+ 71. Kc6 Re1 72. a7+
Ka8 73. Kb5 Rb1+ 74. Kc6 Rxb6+ 75. Kxb6 {Normal} 1/2-1/2

[Event "Rated Blitz game"]
[Site "?"]
[Date "2021.05.22"]
[Round "?"]
[White "aaro73"]
[Black "artsportscience"]
[Result "0-1"]
[WhiteElo "2510"]
[BlackElo "2347"]
[PlyCount "102"]
[EventDate "2021.??.??"]
[EventType "blitz"]

1. e4 e5 2. Nf3 d5 3. Nxe5 Bd6 4. d4 dxe4 5. Nc3 Bxe5 6. dxe5 Qxd1+ 7. Nxd1 Nc6
8. Bf4 Nge7 9. Nc3 Bf5 10. O-O-O Ng6 11. Bg3 Ngxe5 12. Bb5 O-O 13. Bxc6 Nxc6
14. Bxc7 Rac8 15. Bd6 Rfe8 16. h3 h6 17. Rhe1 Re6 18. Bf4 Rce8 19. a3 Ne5 20.
Bxe5 Rxe5 21. Re3 a6 22. Rd5 Bg6 23. Rxe5 Rxe5 24. f4 exf3 25. Rxf3 Rc5 26. Kd2
f6 27. Re3 Rc7 28. Nd5 Rxc2+ 29. Kd1 Rxb2 30. Ne7+ Kh7 31. g4 b5 32. h4 Bc2+
33. Kc1 Ra2 34. h5 Ba4 35. Rc3 Rg2 36. Rc8 Rxg4 37. Ng6 Rc4+ 38. Rxc4 bxc4 39.
Kd2 Be8 40. Nf4 g6 41. hxg6+ Bxg6 42. Kc3 h5 43. Kxc4 Kh6 44. Kc5 Kg5 45. Ne6+
Kg4 46. Kb6 Bd3 47. Nc5 Bf1 48. Ne4 f5 49. Nd2 Be2 50. a4 h4 51. Nc4 Bxc4 {
Normal} 0-1

[Event "Rated Blitz game"]
[Site "?"]
[Date "2021.05.22"]
[Round "?"]
[White "Orlando_Gloom"]
[Black "annaly1979"]
[Result "1/2-1/2"]
[WhiteElo "2568"]
[BlackElo "2420"]
[PlyCount "138"]
[EventDate "2021.??.??"]
[EventType "blitz"]

1. e4 e5 2. Nf3 d5 3. d3 dxe4 4. dxe4 Qxd1+ 5. Kxd1 Bg4 6. Be2 f6 7. Nfd2 Be6
8. Bc4 Bxc4 9. Nxc4 Bc5 10. Ke2 Nc6 11. c3 O-O-O 12. b4 Be7 13. a4 h5 14. Be3
Kb8 15. Nbd2 Nh6 16. b5 Nd4+ 17. cxd4 exd4 18. Bxh6 Rxh6 19. Kd3 Bb4 20. g3 h4
21. Nf3 g5 22. gxh4 g4 23. Ne1 Rxh4 24. f3 Rh3 25. Nd2 Rdh8 26. Nf1 Bxe1 27.
Rxe1 Rxf3+ 28. Kxd4 Rd8+ 29. Kc4 b6 30. Ne3 Rd2 31. Nxg4 Rc2+ 32. Kd5 Rc5+ 33.
Ke6 f5 34. exf5 Rcxf5 35. Ne5 Rf2 36. h4 Rf6+ 37. Ke7 Kb7 38. h5 Rh6 39. Reg1
Rf5 40. Ng6 Rfxh5 41. Rxh5 Rxh5 42. Rg4 c6 43. bxc6+ Kxc6 44. Ke6 a6 45. Ne5+
Kc7 46. Rg7+ Kc8 47. Kd5 b5 48. a5 b4 49. Ra7 b3 50. Rxa6 Kc7 51. Rc6+ Kb7 52.
Rb6+ Ka7 53. Rxb3 Ka6 54. Ra3 Rg5 55. Kd6 Rh5 56. Nc4 Rb5 57. Kc6 Rh5 58. Rb3
Rh6+ 59. Kc5 Rh5+ 60. Kd4 Rh4+ 61. Kc3 Rh5 62. Rb6+ Ka7 63. Rg6 Rh1 64. Kb4
Rb1+ 65. Kc5 Rb3 66. Rg7+ Ka6 67. Rg6+ Ka7 68. Nd6 Ka6 69. Nc4+ Ka7 {Normal}
1/2-1/2

[Event "Rated Blitz game"]
[Site "?"]
[Date "2021.05.22"]
[Round "?"]
[White "shuriks91"]
[Black "Monkey_King"]
[Result "1-0"]
[WhiteElo "2694"]
[BlackElo "2564"]
[PlyCount "47"]
[EventDate "2021.??.??"]
[EventType "blitz"]

1. e4 e5 2. Nf3 d5 3. Nc3 dxe4 4. Nxe5 f5 5. d3 Nf6 6. dxe4 Qxd1+ 7. Nxd1 Bd6
8. Nc4 fxe4 9. Nxd6+ cxd6 10. Bf4 d5 11. Bb5+ Nc6 12. Ne3 a6 13. Ba4 Be6 14.
O-O-O O-O-O 15. Bg5 d4 16. Nf1 Rhf8 17. Ng3 b5 18. Bb3 Bxb3 19. axb3 Rde8 20.
Rhe1 Ng4 21. Nxe4 Nxf2 22. Nd6+ Kd7 23. Nxe8 Rxe8 24. Rxe8 {Normal} 1-0

[Event "Rated Blitz game"]
[Site "?"]
[Date "2021.05.22"]
[Round "?"]
[White "Udemzo"]
[Black "blastol"]
[Result "0-1"]
[WhiteElo "2473"]
[BlackElo "2411"]
[PlyCount "100"]
[EventDate "2021.??.??"]
[EventType "blitz"]

1. e4 e5 2. Nf3 d5 3. exd5 Bd6 4. Bb5+ c6 5. dxc6 bxc6 6. Bc4 e4 7. Qe2 Qe7 8.
Nd4 Nf6 9. h3 O-O 10. Nc3 Re8 11. g4 h6 12. Rg1 Qe5 13. Nf5 Bxf5 14. gxf5 Qxf5
15. b3 Nd5 16. Bb2 Nf4 17. Qg4 Qxg4 18. Rxg4 h5 19. Rg3 Nd7 20. O-O-O Nb6 21.
Bf1 Ng6 22. Rg5 Bf4 23. Rxh5 Rad8 24. Nb1 Nd5 25. a3 f6 26. Bc4 Bg5 27. h4 Nxh4
28. Rh1 Nf3 29. Nc3 Bxd2+ 30. Kb1 Bg5 31. Ne2 Nd2+ 32. Ka2 Nxc4 33. bxc4 Nb6
34. Ng3 Nxc4 35. Bc3 Rd5 36. Rh8+ Kf7 37. Rxe8 Kxe8 38. Nxe4 Bh6 39. Nxf6+ gxf6
40. Rxh6 Rf5 41. Bd4 Ne5 42. Bxe5 fxe5 43. Rxc6 Rxf2 44. Rc3 Kd7 45. Kb3 Kd6
46. Kc4 Rf4+ 47. Kd3 Rf3+ 48. Kd2 Rxc3 49. Kc1 Kc5 50. Kb2 Kc4 {Time forfeit}
0-1

[Event "Rated Blitz game"]
[Site "?"]
[Date "2021.05.22"]
[Round "?"]
[White "notforeveryone"]
[Black "Monkey_King"]
[Result "0-1"]
[WhiteElo "2507"]
[BlackElo "2556"]
[PlyCount "104"]
[EventDate "2021.??.??"]
[EventType "blitz"]

1. e4 e5 2. Nf3 d5 3. Nxe5 dxe4 4. d4 Bd6 5. Nc4 f5 6. Nc3 Nf6 7. Nxd6+ cxd6 8.
Bg5 Be6 9. d5 Bf7 10. Bb5+ Kf8 11. O-O h6 12. Be3 a6 13. Bc4 Nbd7 14. a4 Rc8
15. Bb3 Ng4 16. Bf4 Nc5 17. Ba2 Qf6 18. b4 Nd7 19. Nxe4 fxe4 20. Qxg4 Rd8 21.
Bg3 g5 22. Qxe4 Kg7 23. f4 g4 24. f5 h5 25. Qe1 Rhe8 26. Qf2 Ne5 27. Bh4 Qh6
28. Bxd8 Rxd8 29. Qf4 Qxf4 30. Rxf4 Kf6 31. Re1 Rc8 32. Re2 Rc3 33. b5 a5 34.
Bb3 b6 35. Kf2 Nd7 36. Re3 Rc5 37. Rd3 Ne5 38. Rd1 Rc3 39. Re1 h4 40. Re3 Rc5
41. h3 g3+ 42. Kf1 Kg5 43. Rfe4 Kxf5 44. Rxe5+ dxe5 45. Rf3+ Kg6 46. d6 Bxb3
47. d7 Bc4+ 48. Ke1 Rd5 49. Rc3 Ba2 50. Rc6+ Kf5 51. c4 Rxd7 52. Rxb6 Ke4 {
Time forfeit} 0-1